00630nam a22002057a 450000500170000001000130001702000220003003500130005203700160006504000120008108200180009310000200011124500800013126000430021127000600025430000280031450000510034265000080039365000230040120170124110038.0 aA-792696 c00.00a8186030107 aA-792696 bCen Lib/Ret aDPLbEN a346.0323bJAI aJai, Janak Raj  aCompensation under the motor vehicles act :cby Janak Raj Jaiba critique / aNew DelhibRegency Publications c1995 a20/36-G, Old Market West Patel NagarbNew Delhie110008 axxvii, 283p. c21cm(Hb) aIncludes bibliographical references and index  aLaw aCompensation (Law)